Efectos de la alteración hidrotermal en las propiedades geomecánicas de las rocas
Gespeichert in:
| 1. Verfasser: | |
|---|---|
| Format: | Buch |
| Sprache: | Spanish |
| Veröffentlicht: |
[San José], Costa Rica
2015
|
| Schlagworte: | |
| Tags: |
Tag hinzufügen
Keine Tags, Fügen Sie den ersten Tag hinzu!
|
MARC
| LEADER | 00000nam a22000007a 4500 | ||
|---|---|---|---|
| 003 | 012119 | ||
| 005 | 20230707110435.0 | ||
| 008 | 150326b2015 c a|||| |||| 00| ||spa d | ||
| 040 | |c cru CEDI | ||
| 090 | |a TFG 7284 | ||
| 100 | |a Rodríguez Solera, Juan Ramón, 1961- |d Director de Proyecto Eléctrico |9 680 | ||
| 245 | |a Efectos de la alteración hidrotermal en las propiedades geomecánicas de las rocas | ||
| 260 | |a [San José], Costa Rica |c 2015 | ||
| 500 | |a Proyecto de graduación (licenciatura en ingeniería civil)--Universidad de Costa Rica. Facultad de Ingeniería. Escuela de Ingeniería Civil | ||
| 650 | |x GEOLOGIA - COSTA RICA |x CARRETERA SAN JOSE-CALDERA - EVALUACION |x GEOTECTONICA |9 681 | ||
| 942 | |c TFG | ||
| 999 | |c 13799 |d 13799 | ||
